Realtà pubblicitaria (La) (Record n. 69546)
[ formato base ]
| 000 -LEADER | |
|---|---|
| fixed length control field | 01250nam a2200325Ia 4500 |
| 001 - CONTROL NUMBER | |
| control field | 13357 |
| 003 - CONTROL NUMBER IDENTIFIER | |
| control field | IT-RoPAU |
| 008 - FIXED-LENGTH DATA ELEMENTS--GENERAL INFORMATION | |
| fixed length control field | 130308s9999 xx 000 0 und d |
| 040 ## - CATALOGING SOURCE | |
| Original cataloging agency | IT-RoPAU |
| 040 ## - CATALOGING SOURCE | |
| Transcribing agency | IT-RoPAU |
| 041 ## - LANGUAGE CODE | |
| Language code of text/sound track or separate title | ITALIANO |
| 999 ## - SYSTEM CONTROL NUMBERS (KOHA) | |
| Koha Dewey Subclass [OBSOLETE] | SI |
| 100 ## - MAIN ENTRY--PERSONAL NAME | |
| Personal name | Reeves Rosser |
| 100 ## - MAIN ENTRY--PERSONAL NAME | |
| Miscellaneous information | Codice Aut. SPICS: 2143 |
| 240 ## - UNIFORM TITLE | |
| Uniform title | REALITY IN ADVERTISING |
| 240 ## - UNIFORM TITLE | |
| Miscellaneous information | Codice Tit. Orig. Spics: T1858 |
| 245 ## - TITLE STATEMENT | |
| Title | Realtà pubblicitaria (La) |
| 245 ## - TITLE STATEMENT | |
| Remainder of title | Realta' pubblicitaria (La) |
| 250 ## - EDITION STATEMENT | |
| Edition statement | 3a ed. |
| 260 ## - PUBLICATION, DISTRIBUTION, ETC. (IMPRINT) | |
| Place of publication, distribution, etc. | MILANO |
| 260 ## - PUBLICATION, DISTRIBUTION, ETC. (IMPRINT) | |
| Name of publisher, distributor, etc. | Etas Libri/Kompass |
| 260 ## - PUBLICATION, DISTRIBUTION, ETC. (IMPRINT) | |
| Date of publication, distribution, etc. | 1964 [1° Ed.:1963 - Ed.Ling.Originale:1961] |
| 300 ## - PHYSICAL DESCRIPTION | |
| Extent | "176 p. (prefazione: no ; testo: 176)" |
| 500 ## - GENERAL NOTE | |
| General note | Pubblicità e vendita Pubblicità e sondaggio Attrazione e Pubblicità budget pubblicitario Memoria e Pubblicità Tema pubblicitario Pubblicità e concorrenza testo pubblicitario Pubblicità e Qualità del prodotto Pubblicità e Psicologia immagine del prodotto Pubblicità ed Economia Vita Media della Pubblicità costi pubblicitari vetrine Due volti della Pubblicità Strumenti pubblicitari Imprenditori Vendere |
| 650 ## - SUBJECT ADDED ENTRY--TOPICAL TERM | |
| Topical term or geographic name as entry element | SAGGI DI PUBBLICITA' |
| 650 ## - SUBJECT ADDED ENTRY--TOPICAL TERM | |
| Relator term | Codice materia Spics: 6211 |
| 942 ## - ADDED ENTRY ELEMENTS (KOHA) | |
| Koha item type | LIBRO |
| 957 ## - | |
| -- | 1 |
| 999 ## - SYSTEM CONTROL NUMBERS (KOHA) | |
| -- | 1 |
| Withdrawn status | Lost status | Damaged status | Not for loan | Home library | Current library | Date acquired | Total Checkouts | Full call number | Date last seen | Price effective from | Koha item type | Public note |
|---|---|---|---|---|---|---|---|---|---|---|---|---|
| Buone Condizioni | Not For Loan | SPICS-MEDIATECA | SPICS-MEDIATECA | 08/03/2013 | 13357 | 08/03/2013 | 08/03/2013 | LIBRO | Progressivo inserimento: 27269 / N. Volumi: 1 Copie: 1 Copia Rara: SI / data import: 1 marzo 2013 - By Epidotti, Trombetti, Vaglietti. |